000 00742nam a2200289Ia 4500
005 20260324120919.0
008 008 260324s9999 xx 000 0 eng d
020 _a9781315588902
037 _aEBOOK
040 _aCRL
040 _beng
040 _cCRL
041 _2eng
041 _aeng
084 _qCRL
100 _aAlexander Schieffer; Ronnie Lessem
_91157697
245 0 _aIntegral Development
245 0 _bRealising the Transformative Potential of Individuals, Organisations and Societies
260 _bTaylor and Francis
260 _c2014
365 _a
365 _b255
856 _uhttp://www.taylorfrancis.com/books/9781315588902
942 _cEBOOK
999 _c1752245
_d1752245